[Event "Attica-ch U12 11"]
[Site "Athens"]
[Date "2010.12.28"]
[Round "5.1"]
[White "Kalogridakis, Theodoros"]
[Black "Papadopoulos, Asterios"]
[Result "1/2-1/2"]
[WhiteElo "1567"]
[BlackElo "1600"]
[PlyCount "93"]
[EventDate "2010.12.23"]
[EventType "swiss"]
[EventRounds "7"]
[EventCountry "GRE"]
[SourceTitle "EXT 2024"]
[Source "ChessBase"]
[SourceDate "2023.10.10"]
[SourceVersion "1"]
[SourceVersionDate "2023.10.10"]
[SourceQuality "1"]

1. e4 e5 2. Nf3 Nc6 3. Bc4 Bc5 4. c3 Nf6 5. d4 exd4 6. cxd4 Bb4+ 7. Bd2 Bxd2+ 8. Nbxd2 d5 9. exd5 Nxd5 10. 0-0 0-0 11. Qc2 Be6 12. a3 h6 13. Rfe1 Nf4 14. Qe4 Bxc4 15. Nxc4 Ng6 16. Nce5 Re8 17. Qg4 Ncxe5 18. dxe5 Qd5 19. Rad1 Nxe5 20. Rxd5 Nxg4 21. Rc1 Rad8 22. Rxd8 Rxd8 23. h3 Nf6 24. Rxc7 Rd1+ 25. Kh2 Rf1 26. Rxb7 Rxf2 27. b4 Nd5 28. Nd4 Ra2 29. Rxa7 Nxb4 30. a4 Nd5 31. a5 Nb4 32. Nb5 Kf8 33. Nc7 Nc6 34. Ra8+ Ke7 35. a6 Ra5 36. Rg8 g6 37. Ra8 h5 38. Kg3 Nb4 39. Rb8 Nxa6 40. Ra8 Ra3+ 41. Kh2 Rxh3+ 42. Kxh3 Nxc7 43. Ra4 Ne6 44. Kg3 Kf6 45. Kf3 Kg5 46. g3 f6 47. Rb4 1/2-1/2